000 00953nam a22003017a 4500
003 CHAP
005 20220329133825.0
008 971013s1985 r 00010 d
010 _a11421
011 _a12393
035 _a15578
040 _cCHAP
090 _aFolleto 10710
110 _aMéxico.
_bSecretaría de Agricultura y Recursos Hidráulicos
_976864
245 _aMéxico forestal
_b: avances de la producción maderable
260 _a[México, D. F.] :
_bLa Secretaría,
_c1985
300 _ahoja plegable
_b; gráfs.
500 _aD14-13
500 _aEn fotocopia
590 _aBATCH-UPD
_b10
_c20130110
_lUCH01
_h2306
590 _aBATCH-UPD
_b10
_c20130410
_lUCH01
_h1558
590 _aBATCH-UPD
_b10
_c20130914
_lUCH01
_h0708
590 _aCONVERSION
_b10
_c20130109
_lUCH01
_h1308
650 1 4 _aBosques
_xEstadísticas
_xMéxico.
_914149
901 _aBK
942 _cFOLL
949 _aFolleto 10710
_bBC
_cFOLL
_d-27786
_eTS1
_i15578
_mD
_si
999 _c11421
_d11421